000 00317nam a22001457a 4500
008 210426b ||||| |||| 00| 0 eng d
020 _a9780134129969
041 _aeng
080 _211th
_a33
082 _a33
100 _a58
101 _aBIZ
245 _aBusiness Essentials
_cRonald J.Ebert
942 _2udc
_cBK
999 _c56702
_d56702